The Japanese economy in review : Present outlook and prospects for the future
Uloženo v:
| Médium: | Kniha |
|---|---|
| Jazyk: | Undetermined |
| Vydáno: |
Japan
Ministry of Foreign Affairs
1968
|
| Témata: | |
| Tagy: |
Přidat tag
Žádné tagy, Buďte první, kdo otaguje tento záznam!
|
| Thư viện lưu trữ: | Trung tâm Học liệu Trường Đại học Cần Thơ |
|---|
| LEADER | 00498nam a2200169Ia 4500 | ||
|---|---|---|---|
| 001 | CTU_87772 | ||
| 008 | 210402s9999 xx 000 0 und d | ||
| 082 | |a 330.9 | ||
| 082 | |b J.35 | ||
| 245 | 4 | |a The Japanese economy in review : | |
| 245 | 0 | |b Present outlook and prospects for the future | |
| 260 | |a Japan | ||
| 260 | |b Ministry of Foreign Affairs | ||
| 260 | |c 1968 | ||
| 650 | |a Economic condition,Japan | ||
| 904 | |i Trọng Hiếu | ||
| 980 | |a Trung tâm Học liệu Trường Đại học Cần Thơ | ||